000 00479nam a2200169 i 4500
001 50646
003 ES-MaACL
005 20250823051516.0
007 t|
008 030806s1968 sp ||||1| spa d
100 1 _aCunqueiro, Álvaro,
_d1911-1981
_942188
245 1 0 _aFlores del año mil y pico de ave /
_cAlvaro Cunqueiro.
260 _aBarcelona :
_bTaber,
_c[1968]
300 _a352 p. ;
_c20 cm.
852 _aES-MaACL
_jC-35482
_bR.68413
999 _c50646
_d50646